Ecuador: gasto público en salud ¿progresivo o regresivo? /
El documento consiste en un estudio acerca de la progresividad y regresividad del gasto público en salud en Ecuador, evaluando el cumplimiento de las metas, determinando si las personas de escasos recursos han recibido los mayores beneficios en el sector salud.
Salvato in:
| Autore principale: | |
|---|---|
| Altri autori: | |
| Natura: | testo |
| Lingua: | Spanish |
| Pubblicazione: |
Quito:
Ecuador. Ministerio de Bienestar Social
2006
|
| Soggetti: | |
| Tags: |
Aggiungi Tag
Nessun Tag, puoi essere il primo ad aggiungerne!!
|
MARC
| LEADER | 00000 a a2200000 04500 | ||
|---|---|---|---|
| 001 | 35266 | ||
| 003 | cru CIDCACS/IIS | ||
| 005 | 20230509085624.0 | ||
| 008 | 230509e2006 ec ||||| |||| 00| 0 spa d | ||
| 040 | |c CRAI/IIS | ||
| 090 | |a 02.03.02 A581e | ||
| 100 | |a Angeles, Gustavo | ||
| 245 | |a Ecuador: gasto público en salud ¿progresivo o regresivo? / |c Gustavo Angeles | ||
| 260 | |a Quito: |b Ecuador. Ministerio de Bienestar Social |c 2006 | ||
| 300 | |a 48 páginas | ||
| 520 | |a El documento consiste en un estudio acerca de la progresividad y regresividad del gasto público en salud en Ecuador, evaluando el cumplimiento de las metas, determinando si las personas de escasos recursos han recibido los mayores beneficios en el sector salud. | ||
| 650 | 0 | |9 489 |a ACCESO A LA SALUD | |
| 650 | 0 | |9 242 |a GASTOS PUBLICOS | |
| 650 | 0 | |9 284 |a POBREZA | |
| 651 | 0 | |9 74 |a ECUADOR | |
| 700 | |a Trujillo, Antonio J. |a Lastra, Alexandra | ||
| 942 | |2 ddc |c LITG |h 02.03.02 A581e |i 03055 |6 020302_A581E_03055 | ||
| 999 | |c 1505 |d 1505 | ||
